[Event "Lleida-ch"]
[Site "Almenar"]
[Date "2018.10.21"]
[Round "3"]
[White "Cosialls Baz, Daniel"]
[Black "Sanuy Moncasi, Albert"]
[Result "1/2-1/2"]
[WhiteElo "1822"]
[BlackElo "1940"]
[PlyCount "34"]
[EventDate "2018.09.30"]
[EventType "swiss"]
[EventRounds "9"]
[EventCountry "ESP"]
[SourceTitle "CBM 187 Extra"]
[Source "ChessBase"]
[SourceDate "2018.11.04"]
[SourceVersion "1"]
[SourceVersionDate "2018.11.04"]
[SourceQuality "1"]

1. d4 Nf6 2. Nf3 e6 3. c4 c6 4. Nc3 d5 5. cxd5 exd5 6. Bg5 Be7 7. e3 Nbd7 8. Bd3 0-0 9. Qc2 h6 10. Bf4 Nh5 11. Bg3 Nxg3 12. hxg3 Nf6 13. 0-0-0 c5 14. Kb1 Bg4 15. Ne2 c4 16. Bf5 Bxf5 17. Qxf5 Ne4 1/2-1/2

[Event "Lleida op"]
[Site "Lleida"]
[Date "2016.06.11"]
[Round "8.8"]
[White "Cosialls Baz, Daniel"]
[Black "Abadia Moreno, Ivan"]
[Result "1-0"]
[WhiteElo "1746"]
[BlackElo "1798"]
[PlyCount "123"]
[EventDate "2016.04.23"]
[EventType "swiss"]
[EventRounds "9"]
[EventCountry "ESP"]
[SourceTitle "EXT 2024"]
[Source "ChessBase"]
[SourceDate "2023.10.10"]
[SourceVersion "1"]
[SourceVersionDate "2023.10.10"]
[SourceQuality "1"]

1. d4 g6 2. c4 Nf6 3. Nc3 d6 4. Bg5 Bg7 5. e3 0-0 6. Nf3 Nbd7 7. Bd3 Nb6 8. 0-0 Bg4 9. h3 Bd7 10. Rc1 c5 11. Qb3 Bc6 12. d5 Bd7 13. e4 e5 14. dxe6 fxe6 15. e5 dxe5 16. Nxe5 Qc7 17. Bf4 Qc8 18. Rfe1 Nh5 19. Bh2 Nf4 20. Bf1 Qc7 21. Nxd7 Qxd7 22. Rcd1 Qf7 23. Ne4 Bd4 24. Rd2 e5 25. Bxf4 Qxf4 26. g3 Qh6 27. a4 Rab8 28. Bg2 Nd7 29. Rde2 b6 30. Nd6 Rf6 31. Bd5+ Kg7 32. Ne4 Qxh3 33. Nxf6 Nxf6 34. Bg2 Qh6 35. Qf3 Rf8 36. a5 e4 37. Qf4 Qh5 38. Qh4 Qxh4 39. gxh4 Ng4 40. Rf1 bxa5 41. Bxe4 Rf4 42. Bd5 Ne5 43. Ra1 Nd3 44. Rxa5 Nxf2 45. Rxa7+ Kh6 46. Bg8 Rxh4 47. Rxh7+ Kg5 48. Rxh4 Nd3+ 49. Kg2 Kxh4 50. Re4+ Kg5 51. b3 Kf5 52. Re8 Nb4 53. Kf3 g5 54. Bh7+ Kf6 55. Kg4 Kg7 56. Bf5 Kf6 57. Re6+ Kg7 58. Kxg5 Kf7 59. Rb6 Ke7 60. Kf4 Kd8 61. Ke4 Kc7 62. Rxb4 1-0

[Event "Lleida Province-ch"]
[Site "Balaguer"]
[Date "2013.12.01"]
[Round "9"]
[White "Cosialls Baz, Daniel"]
[Black "Degracia Burgues, Jose A"]
[Result "1-0"]
[WhiteElo "1690"]
[BlackElo "1869"]
[PlyCount "81"]
[EventDate "2013.10.06"]
[EventType "swiss"]
[EventRounds "9"]
[EventCountry "ESP"]
[SourceTitle "CBM 157 Extra"]
[Source "ChessBase"]
[SourceDate "2013.12.19"]
[SourceVersion "1"]
[SourceVersionDate "2013.12.19"]
[SourceQuality "1"]

1. d4 e6 2. e4 b6 3. Nf3 Bb7 4. Bd3 Nf6 5. Qe2 Be7 6. Bf4 0-0 7. Nbd2 Nc6 8. a3 Kh8 9. h3 d5 10. e5 Nh5 11. Be3 f5 12. g4 f4 13. gxh5 fxe3 14. Qxe3 Nxd4 15. Qxd4 c5 16. Qg4 c4 17. Rg1 Rg8 18. Be2 c3 19. bxc3 Qc8 20. c4 b5 21. Ng5 Bxg5 22. Qxg5 h6 23. Qg6 dxc4 24. Bf3 Bxf3 25. Nxf3 Qf8 26. Nd4 Qf4 27. Rg4 Qxe5+ 28. Re4 Qh2 29. 0-0-0 Qd6 30. Re3 c3 31. Rxc3 b4 32. axb4 Qf4+ 33. Rd2 Rad8 34. Rcd3 Rb8 35. Qg3 Qf6 36. Qf3 Qe5 37. Re2 Qd6 38. Nc6 Rbf8 39. Rxd6 Rxf3 40. Rdxe6 Rxh3 41. R6e5 1-0

[Event "Lleida Province-ch"]
[Site "Balaguer"]
[Date "2013.10.27"]
[Round "4"]
[White "Parramon Guillaumet, Jaime"]
[Black "Cosialls Baz, Daniel"]
[Result "1-0"]
[WhiteElo "1942"]
[BlackElo "1690"]
[PlyCount "91"]
[EventDate "2013.10.06"]
[EventType "swiss"]
[EventRounds "9"]
[EventCountry "ESP"]
[SourceTitle "CBM 157 Extra"]
[Source "ChessBase"]
[SourceDate "2013.12.19"]
[SourceVersion "1"]
[SourceVersionDate "2013.12.19"]
[SourceQuality "1"]

1. e4 e5 2. Nf3 Nc6 3. d4 exd4 4. Nxd4 Nf6 5. Nxc6 bxc6 6. Bd3 Bc5 7. 0-0 0-0 8. Bg5 h6 9. Bh4 Re8 10. Re1 d6 11. Nd2 Rb8 12. Nb3 Bb6 13. e5 dxe5 14. Rxe5 Qd6 15. Rxe8+ Nxe8 16. Qe2 Qe6 17. Re1 Qxe2 18. Rxe2 Be6 19. Kf1 Nd6 20. Bg3 Nc4 21. Rxe6 fxe6 22. Bxc4 Kf7 23. Ke2 Rd8 24. Be5 Rd7 25. a4 a5 26. Bc3 Rd8 27. Nxa5 Ra8 28. Nxc6 Rxa4 29. b3 Ra2 30. Bd3 h5 31. Ne5+ Ke7 32. Ng6+ Kf7 33. Nf4 h4 34. Bg6+ Ke7 35. Bxg7 Ra5 36. Be4 Kf7 37. Bc3 Rg5 38. g3 hxg3 39. hxg3 e5 40. Nd5 Ke6 41. Nxb6 cxb6 42. Bd2 Rg8 43. Be3 Rb8 44. Kd3 b5 45. Kc3 Kd6 46. Kb4 1-0